Spoločné podniky so zahraničnou kapitálovou účasťou JOINT-VENTURE Vybrané problémy pre podniky so sídlom v ČSFR

Guardado en:
Detalles Bibliográficos
Autor principal: Tholt, Zdenko
Formato: Libro
Lenguaje:eslovaco
Publicado: Bratislava TH-Consulting 1990
Edición:1. vyd.
Etiquetas: Agregar Etiqueta
Sin Etiquetas, Sea el primero en etiquetar este registro!

MARC

LEADER 00000nam a2200000 4500
001 c028931
005 20221215071530.3
041 0 |a slo 
044 |a SK 
245 1 0 |a Spoločné podniky so zahraničnou kapitálovou účasťou JOINT-VENTURE  |b Vybrané problémy pre podniky so sídlom v ČSFR  |c Zdenko Tholt 
250 |a 1. vyd. 
264 1 |a Bratislava  |b TH-Consulting  |c 1990 
300 |a 43 s. 
100 1 |a Tholt, Zdenko